PM: Cupid and Psyche Quiz Stats

 Plays Quiz not verified by Sporcle

Score 0/28 Timer 10:00
0 Plays Today
Hint Answer % Correct
Goddess Offended out of Jealousy because of Psyche's BeautyVenus
88.5%
God who Loved PsycheCupid
87.1%
#of Psyche's beautiful sisters2
82.8%
Food given to make Psyche immortalambrosia
72.7%
Creature(s) which helped Psyche sort the seedsants
72.2%
Sweetest and mildest wind which carried Psyche down from the rocky hillZephyr
69.9%
Psyche next had to fill a flask with some of the black water from the source of this hateful riverriver Styx
69.4%
Creature(s) that helped Psyche fetch the water so Psyche didn't have to climb the slimy, slippery stepseagle
64.6%
Guardian to the Palace of Hades, but will let those who give him cake to passCerberus
63.6%
One of three small seeds that Psyche had to sort under Venus's directionpoppy
62.7%
Body part of Psyche's husband on which the hot oil from Psyche' lamp fellshoulder
62.2%
Meaning of Psychesoul
61.7%
Food given to Psyche by Venusbread
59.3%
Plant(s) which advised Psyche how to retrieve the itemreed
58.4%
Hint Answer % Correct
Two things Psyche had to hide near her bed, according to the planknife and lamp
57.4%
Accompanying instrument to a choir which played sweet music while Psyche dinedharp
56.9%
The second task given to Psyche: to retrieve _______wool
55%
Object Venus sought when she made Psyche go to Hadesbeauty-charm
54.1%
Dreadful winged creature which would come get Psyche and make her his wifeserpent
51.2%
Psyche told her sisters that her husband was on a _____ expedition when her sisters askedhunting
50.7%
Latin writer in second-century A.D. who writes about Cupid and PsycheApuleius
47.8%
Psyche woke up after falling asleep on a grassy meadow fragrant meadow beside thisriver
47.4%
Object Cupid used to waken up Psychearrow
47.4%
Inlaid with precious stones: part of Cupid's mansionfloors
41.1%
Silver parts of the mansion of Cupidwalls
39.2%
Golden objects inside mansion of CupidPillars
38.8%
Two riches with which Psyche filled the hands of her sisters as farewellgold and jewels
36.4%
Instructs Psyche how to get to Hadestower
35.9%

You're not logged in!

Compare scores with friends on all Sporcle quizzes.
OR
Log In

Show Comments

Extras

Top Quizzes Today


Score Distribution

Your Account Isn't Verified!

In order to create a playlist on Sporcle, you need to verify the email address you used during registration. Go to your Sporcle Settings to finish the process.

Report this User

Report this user for behavior that violates our Community Guidelines.

Details: